Core Concepts fo Accounting (Record no. 1063846)

MARC details
000 -LEADER
fixed length control field 00379nam a2200133Ia 4500
008 - FIXED-LENGTH DATA ELEMENTS--GENERAL INFORMATION
fixed length control field 231228s2011 xx 000 0 und d
041 ## - LANGUAGE CODE
Language code of text/sound track or separate title eng
082 ## - DEWEY DECIMAL CLASSIFICATION NUMBER
Classification number 657
Item number BRE
100 ## - MAIN ENTRY--PERSONAL NAME
Personal name BREITNER (Leslie K.)/ ANTHONY (Robert N.)
245 ## - TITLE STATEMENT
Title Core Concepts fo Accounting
250 ## - EDITION STATEMENT
Edition statement 10th
260 ## - PUBLICATION, DISTRIBUTION, ETC.
Place of publication, distribution, etc. New Delhi
Name of publisher, distributor, etc. Pearson Education Delhi, Harlow, Singapore
Date of publication, distribution, etc. 2011
300 ## - PHYSICAL DESCRIPTION
Extent v, 192

No items available.